Bolivia y la integración Andina
Na minha lista:
| Autor principal: | |
|---|---|
| Formato: | Desconhecido |
| Publicado em: |
Cochabamba:
Editorial Amigos del Libro
|
| Tags: |
Adicionar Tag
Sem tags, seja o primeiro a adicionar uma tag!
|
MARC
| LEADER | 00000 a2200000 04500 | ||
|---|---|---|---|
| 001 | 22990 | ||
| 003 | |||
| 008 | 991231s d | ||
| 040 | |||
| 090 | |a 151204 | ||
| 100 | |a Camacho Omiste, Edgar | ||
| 245 | |a Bolivia y la integración Andina | ||
| 260 | |a Cochabamba: |b Editorial Amigos del Libro | ||
| 999 | |c 7507 |d 7507 | ||
